000 00598nam a2200193 i 4500
001 48717
003 ES-MaACL
005 20230929062526.0
007 t|
008 931025s1837 sp ||||1| spa d
110 2 _aReal Academia Española
_96336
245 1 0 _aDiccionario de la lengua castellana /
_cpor la Academia Española.
250 _a8ª ed.
260 _aMadrid :
_bReal Academia Española,
_c1837 (
_fImp. Nacional)
300 _a[4], 787 p. ;
_c30 cm.
650 1 4 _aLengua española-
_vDiccionarios.
_914137
852 _aES-MaACL
_jR-2991
_x Olim:B-1496
999 _c48717
_d48717